[Event "Challenge"]
[Site "http://www.queenalice.com/game.php?id=1583882"]
[Date "2019.9.18"]
[Round "-"]
[White "fedro"]
[Black "signifer"]
[Result "1-0"]
[WhiteElo "2085"]
[BlackElo "1601"]

1. e4 e5 2. Nf3 Nc6 3. Bc4 Nh6 4. d3 Bb4+ 5. c3 Ba5 6. O-O O-O 7. Ng5 d6 8. Nd2
Qxg5 9. Nf3 Qe7 10. h3 Bd7 11. Bg5 Qe8 12. Qd2 Qc8 13. Bxh6 Re8 14. Qg5 g6 15.
Qf6 1-0

[Event "Challenge"]
[Site "http://www.queenalice.com/game.php?id=1598100"]
[Date "2020.2.2"]
[Round "-"]
[White "fedro"]
[Black "inda13"]
[Result "1-0"]
[WhiteElo "2110"]
[BlackElo "2303"]

1. d4 Nf6 2. c4 g6 3. Nc3 d5 4. Nf3 Bg7 5. cxd5 Nxd5 6. e4 Nxc3 7. bxc3 c5 8.
Be3 Qa5 9. Bd2 O-O 10. Be2 Bg4 11. O-O Rd8 12. c4 Qa6 13. d5 Bxf3 14. gxf3 Nd7
15. Rb1 b6 16. a4 Nf6 17. e5 Ne8 18. f4 Qc8 19. Rb3 Nc7 20. h4 Qh3 21. Rxh3 1-0

[Event "Challenge"]
[Site "http://www.queenalice.com/game.php?id=1598113"]
[Date "2020.2.2"]
[Round "-"]
[White "fedro"]
[Black "Eduardomoreto67"]
[Result "1-0"]
[WhiteElo "2027"]
[BlackElo "2203"]

1. d4 Nf6 2. c4 g6 3. Nc3 Bg7 4. e4 d6 5. Nf3 Bg4 6. Be2 Nc6 7. Be3 e5 8. d5 Ne7
9. O-O O-O 10. Rc1 a6 11. b4 Bxf3 12. Bxf3 b5 13. cxb5 axb5 14. Nxb5 Rxa2 15.
Nxc7 Qb8 16. b5 Ne8 17. Qb3 Ra5 18. Qb4 Ra2 19. b6 Nxc7 20. Rxc7 Nc8 21. Rfc1
Ra6 22. Be2 1-0

[Event "Challenge"]
[Site "http://www.queenalice.com/game.php?id=1598115"]
[Date "2020.2.2"]
[Round "-"]
[White "Ron39"]
[Black "fedro"]
[Result "0-1"]
[WhiteElo "2208"]
[BlackElo "2142"]

1. e4 c6 2. d4 d5 3. exd5 cxd5 4. c4 Nf6 5. Nc3 e6 6. Bg5 dxc4 7. Bxc4 Be7 8.
Nf3 O-O 9. O-O Nbd7 10. Qe2 a6 11. Rad1 b5 12. Bb3 b4 13. Ne4 Bb7 14. Nxf6+ Bxf6
15. Bxf6 Nxf6 16. Ne5 Nd5 17. f4 a5 18. f5 Qg5 19. fxe6 fxe6 20. Bxd5 Bxd5 21.
b3 Rf6 22. Rxf6 gxf6 23. Qg4 Qxg4 24. Nxg4 Kf7 25. Rf1 f5 26. Ne3 Be4 27. Nc4
Kf6 28. Nd2 Bb7 29. Rd1 a4 30. Nc4 axb3 31. axb3 Ra2 32. Rd2 Rxd2 33. Nxd2 e5
34. dxe5+ Kxe5 35. Nc4+ Kd4 36. Kf2 Bd5 37. Na5 Kc5 38. g3 Kb5 0-1

[Event "AUTO-OPEN-4133"]
[Site "http://www.queenalice.com/game.php?id=1598148"]
[Date "2020.2.2"]
[Round "1"]
[White "byyonico"]
[Black "fedro"]
[Result "0-1"]
[WhiteElo "1599"]
[BlackElo "2095"]

1. e4 c6 2. d4 d5 3. e5 Bf5 4. Be2 e6 5. Nf3 h6 6. O-O c5 7. Be3 c4 8. c3 b5 9.
a4 b4 10. g3 a5 11. Nbd2 Nc6 12. Nh4 Bh7 13. f4 Nge7 14. Bg4 Qd7 15. Ndf3 Rb8
16. Bd2 Na7 17. Ng2 Nac8 18. b3 bxc3 19. Bxc3 Rxb3 20. Bxa5 Nc6 21. Bd2 Be7 22.
a5 O-O 23. a6 N8a7 24. Qc2 Bxc2 25. h4 Rfb8 26. Nfe1 Bh7 27. Nf3 Bb4 28. Bxb4
Nxb4 29. Kh2 Nc2 30. Rfd1 Nxa1 31. Rxa1 Rb1 32. Ra5 Qc7 33. Rc5 Qxc5 34. dxc5
R8b2 35. Nd4 c3 36. c6 c2 37. Nxc2 Rxc2 38. Bf3 Rbb2 39. Kh3 h5 40. c7 Bf5+ 41.
Kh2 Bg4 42. Bxg4 hxg4 0-1

[Event "AUTO-OPEN-4133"]
[Site "http://www.queenalice.com/game.php?id=1598149"]
[Date "2020.2.2"]
[Round "1"]
[White "fedro"]
[Black "byyonico"]
[Result "1-0"]
[WhiteElo "2066"]
[BlackElo "1614"]

1. d4 d5 2. c4 c6 3. e3 Nf6 4. Nc3 Bg4 5. Nf3 Qd6 6. c5 Qc7 7. Be2 e6 8. O-O Be7
9. b4 b5 10. a4 O-O 11. axb5 Qb7 12. bxc6 Nxc6 13. b5 Nd8 14. Ne5 Bxe2 15. Qxe2
Nd7 16. c6 Qb6 17. Nxd7 Qc7 18. Bd2 Re8 19. Rfc1 g6 20. Na4 Qc8 21. Nac5 Bxc5
22. Rxc5 Re7 23. e4 f6 24. exd5 Rxd7 25. dxe6 Re7 26. d5 Nxe6 27. d6 Nxc5 28.
dxe7 Ne6 29. Bb4 Kf7 30. Qc4 Ke8 31. Re1 Kf7 32. Ba5 g5 33. Bd8 Rb8 34. Qd5 h5
35. e8=Q+ Kxe8 36. Rxe6+ Kf7 37. Rxf6+ Ke8 38. Qg8# 1-0

[Event "AUTO-OPEN-4133"]
[Site "http://www.queenalice.com/game.php?id=1598174"]
[Date "2020.2.2"]
[Round "1"]
[White "fedro"]
[Black "AdilsonProficio"]
[Result "0-1"]
[WhiteElo "2057"]
[BlackElo "1702"]

1. d4 e6 2. c4 Nf6 3. Nc3 Bb4 4. e3 O-O 5. Nf3 b6 6. Bd3 Bb7 7. O-O Bxc3 8. bxc3
d6 9. Re1 Ne4 10. Qc2 f5 11. Ba3 c5 12. Nd2 Qh4 13. f3 Qf2+ 14. Kh1 Ng3+ 15.
hxg3 Rf6 16. Nf1 Rh6+ 17. Nh2 Qxg3 18. Kg1 Rxh2 19. Qf2 Rh1+ 20. Kxh1 Qxf2 21.
Kh2 Bxf3 0-1

[Event "AUTO-OPEN-4133"]
[Site "http://www.queenalice.com/game.php?id=1598175"]
[Date "2020.2.2"]
[Round "1"]
[White "AdilsonProficio"]
[Black "fedro"]
[Result "1-0"]
[WhiteElo "1672"]
[BlackElo "2087"]

1. e4 c6 2. Nf3 g6 3. d4 Bg7 4. c4 Nf6 5. e5 Ng4 6. h3 Nh6 7. Bf4 f6 8. exf6
exf6 9. Nc3 O-O 10. c5 d5 11. cxd6 Nf7 12. Bc4 Re8+ 13. Kd2 Qb6 14. Qb3 Qxb3 15.
Bxb3 Kf8 16. Rhe1 Bd7 17. Rxe8+ Kxe8 18. Re1+ Kf8 19. Re7 Nd8 20. Ne4 b6 21.
Nxf6 Bxf6 22. Bh6+ 1-0

[Event "AUTO-OPEN-4133"]
[Site "http://www.queenalice.com/game.php?id=1598176"]
[Date "2020.2.2"]
[Round "1"]
[White "fedro"]
[Black "Artking"]
[Result "1-0"]
[WhiteElo "2097"]
[BlackElo "1996"]

1. d4 Nf6 2. c4 g6 3. Nc3 Bg7 4. e4 d6 5. Nf3 Nbd7 6. Be2 c6 7. O-O O-O 8. Be3
e5 9. d5 c5 10. Ne1 Ne8 11. Nd3 a6 12. b4 b6 13. a4 f5 14. f3 Ndf6 15. a5 bxa5
16. bxc5 fxe4 17. fxe4 h5 18. Qc2 Ng4 19. Rxf8+ Bxf8 20. Bxg4 hxg4 21. cxd6 Qxd6
22. c5 Qf6 23. Na4 Rb8 24. Nb6 Qg7 25. Rxa5 Nf6 26. Nf4 exf4 27. Bxf4 Nxe4 28.
Qxe4 Bf5 29. Qe5 Bxc5+ 30. Rxc5 Rxb6 31. Rc7 Qxe5 32. Bxe5 Be4 33. d6 Rb8 34.
Rg7+ Kf8 35. Rh7 Rb6 36. d7 1-0

[Event "AUTO-OPEN-4133"]
[Site "http://www.queenalice.com/game.php?id=1598177"]
[Date "2020.2.2"]
[Round "1"]
[White "Artking"]
[Black "fedro"]
[Result "0-1"]
[WhiteElo "2007"]
[BlackElo "2052"]

1. Nf3 Nf6 2. d4 g6 3. c4 Bg7 4. Nc3 O-O 5. e3 d6 6. Bd3 Nc6 7. O-O e5 8. dxe5
dxe5 9. Ng5 Re8 10. a3 Ne7 11. Nce4 Nf5 12. b4 h6 13. Nxf6+ Bxf6 14. Ne4 Bg7 15.
Bb2 Qe7 16. c5 Be6 17. Re1 Rad8 18. Qe2 h5 19. Rad1 Nh6 20. f4 Bg4 21. Qc2 Bxd1
22. Rxd1 Ng4 23. Qe2 exf4 24. exf4 Bxb2 25. Qxb2 Qxe4 0-1

[Event "Challenge"]
[Site "http://www.queenalice.com/game.php?id=1598331"]
[Date "2020.2.4"]
[Round "-"]
[White "POLONIANYSA"]
[Black "fedro"]
[Result "1-0"]
[WhiteElo "2036"]
[BlackElo "2129"]

1. e4 c6 2. f4 g6 3. Nf3 Bg7 4. c3 Nf6 5. d3 O-O 6. Be2 d6 7. Na3 Ne8 8. O-O e5
9. fxe5 dxe5 10. Nc4 f6 11. Qb3 Kh8 12. Be3 Nd7 13. a4 f5 14. Qa3 f4 15. Bf2 g5
16. d4 Rg8 17. Nfxe5 Nxe5 18. Nxe5 Bxe5 19. dxe5 Be6 20. Rad1 Qc7 21. Rd6 Nxd6
22. exd6 Qd7 23. Bd4+ Rg7 24. Qc5 h6 25. Bxg7+ Kxg7 26. Qd4+ Kg8 27. Qf6 Kh7 28.
e5 Bf5 29. Bh5 Qe6 30. Bg6+ 1-0

[Event "AUTO-MASTER-2919"]
[Site "http://www.queenalice.com/game.php?id=1598415"]
[Date "2020.2.5"]
[Round "1"]
[White "CCapivara"]
[Black "fedro"]
[Result "0-1"]
[WhiteElo "2205"]
[BlackElo "2074"]

1. e4 c6 2. d4 d5 3. exd5 cxd5 4. Nf3 Nf6 5. Bd3 Nc6 6. O-O e6 7. c3 Be7 8. Bg5
O-O 9. Nbd2 a6 10. Re1 Re8 11. Ne5 h6 12. Bh4 Nd7 13. Bxe7 Rxe7 14. Ndf3 Nf6 15.
Nxc6 bxc6 16. Ne5 Bb7 17. Re3 Kh8 18. Rh3 c5 19. Qd2 Ng8 20. Qf4 Qf8 21. dxc5
Rd8 22. b4 d4 23. cxd4 g5 24. Qxg5 Rxd4 25. Qe3 Rxb4 26. c6 Bc8 27. Qd2 Rd4 28.
Qc3 Qd8 29. Nf3 e5 30. Nxd4 exd4 31. Qd2 Bxh3 32. gxh3 Re5 33. Bxa6 Rg5+ 34. Kf1
Qd5 35. Rc1 Qh1+ 36. Ke2 Re5+ 37. Kd3 Qe4+ 38. Kc4 Qxc6+ 39. Kb3 Qb6+ 40. Qb4
Qxa6 41. Qxd4 f6 42. Kb2 Re2+ 43. Rc2 Rxc2+ 44. Kxc2 Qxa2+ 45. Kd3 Qa3+ 46. Ke4
Qxh3 47. Qd6 Qh4+ 48. f4 Qxh2 49. Qf8 Qe2+ 50. Kf5 Qf3 51. Qf7 h5 0-1

[Event "AUTO-MASTER-2919"]
[Site "http://www.queenalice.com/game.php?id=1598416"]
[Date "2020.2.5"]
[Round "1"]
[White "fedro"]
[Black "CCapivara"]
[Result "1/2-1/2"]
[WhiteElo "2068"]
[BlackElo "2212"]

1. d4 d6 2. c4 Nf6 3. Nc3 c6 4. e4 Qa5 5. Bd2 Qb6 6. Nf3 Bg4 7. Be2 Bxf3 8. Bxf3
Qxd4 9. b3 Qb6 10. O-O Nbd7 11. Qc2 e5 12. b4 Be7 13. Rfb1 O-O 14. a4 Rac8 15.
Qb2 Rfd8 16. a5 Qc7 17. Be3 c5 18. bxc5 Nxc5 19. Nd5 Nxd5 20. cxd5 Rb8 21. Be2
b6 22. Qc3 bxa5 23. Rc1 Rdc8 24. Bg4 Rd8 25. h3 g6 26. Rxa5 h5 27. Bf3 Rdc8 28.
Qa3 Rb7 29. Be2 Bd8 30. Ra6 Qe7 31. Bxc5 Rxc5 32. Rxc5 dxc5 33. d6 Rb1+ 34. Kh2
Qf6 35. Rxa7 Qxf2 36. Qf3 Qxf3 37. Bxf3 Kf8 38. Be2 h4 39. Bc4 Bg5 40. Ra8+ Kg7
41. d7 Bf4+ 42. g3 hxg3+ 43. Kg2 Rb2+ 44. Kf3 f5 45. Rg8+ Kh7 46. Rh8+ Kg7 47.
Rg8+ Kh7 48. Rh8+ Kg7 49. Rg8+ 1/2-1/2

[Event "AUTO-MASTER-2919"]
[Site "http://www.queenalice.com/game.php?id=1598427"]
[Date "2020.2.5"]
[Round "1"]
[White "clovis"]
[Black "fedro"]
[Result "0-1"]
[WhiteElo "2080"]
[BlackElo "2118"]

1. e4 c6 2. Nf3 d5 3. exd5 cxd5 4. d4 Nf6 5. Bd3 Bg4 6. O-O e6 7. Bb5+ Nc6 8.
Qd3 Bd6 9. Ne5 Bf5 10. Nxc6 Bxd3 11. Nxd8+ Bxb5 12. Nxb7 Bxh2+ 13. Kxh2 Bxf1 14.
Nc3 Ba6 15. Nc5 Bc8 16. b4 O-O 17. b5 Nd7 18. a4 Nb6 19. a5 Nc4 20. a6 Rd8 21.
Bf4 Bd7 22. Bc7 Rdc8 23. Bg3 Be8 24. Ra4 Nb6 25. Rb4 f6 26. Nxe6 Rxc3 0-1

[Event "AUTO-MASTER-2919"]
[Site "http://www.queenalice.com/game.php?id=1598428"]
[Date "2020.2.5"]
[Round "1"]
[White "fedro"]
[Black "clovis"]
[Result "1-0"]
[WhiteElo "2107"]
[BlackElo "2062"]

1. d4 d5 2. c4 c6 3. e3 Nf6 4. Nc3 e6 5. Nf3 Bb4 6. Bd3 O-O 7. O-O Nbd7 8. a3
Bxc3 9. bxc3 Qe7 10. Re1 dxc4 11. Bxc4 e5 12. e4 exd4 13. e5 Nd5 14. cxd4 N7b6
15. Ba2 Bg4 16. Qb3 Rad8 17. Bg5 f6 18. exf6 gxf6 19. Rxe7 fxg5 20. Nxg5 1-0

[Event "AUTO-MASTER-2919"]
[Site "http://www.queenalice.com/game.php?id=1598433"]
[Date "2020.2.5"]
[Round "1"]
[White "Alexandrovinsk"]
[Black "fedro"]
[Result "0-1"]
[WhiteElo "2183"]
[BlackElo "2128"]

1. d4 Nf6 2. c4 g6 3. Nf3 Bg7 4. Nc3 O-O 5. e4 d6 6. h3 e5 7. d5 Ne8 8. Bd3 f5
9. O-O f4 10. Nh2 h5 11. f3 Nf6 12. Bd2 g5 13. Kh1 Kf7 14. b4 Rh8 15. c5 g4 16.
Qb3 gxh3 17. Rg1 h4 18. gxh3 Bxh3 19. Ne2 Nh5 20. Rg4 Ng3+ 21. Kg1 Bxg4 22. Nxg4
h3 23. Kh2 Nd7 24. Nxg3 fxg3+ 25. Kxg3 h2 26. Rh1 Nf6 27. Ne3 Nh5+ 28. Kg2 Qg5+
29. Kf2 Qg3+ 0-1

[Event "AUTO-MASTER-2919"]
[Site "http://www.queenalice.com/game.php?id=1598434"]
[Date "2020.2.5"]
[Round "1"]
[White "fedro"]
[Black "Alexandrovinsk"]
[Result "0-1"]
[WhiteElo "2165"]
[BlackElo "2122"]

1. d4 Nf6 2. c4 c5 3. e3 e6 4. Nc3 Be7 5. Nf3 O-O 6. Bd3 d5 7. O-O Nc6 8. Re1
cxd4 9. exd4 a6 10. a3 dxc4 11. Bxc4 b5 12. Ba2 Bb7 13. Be3 b4 14. Nb1 a5 15. a4
Qc7 16. Nbd2 Rfd8 17. Rc1 Qb8 18. b3 e5 19. dxe5 Nxe5 20. Nxe5 Qxe5 21. Qe2 Bd6
22. f4 Qe7 23. Bb1 Re8 24. Qf1 Qd7 25. Nc4 Ba6 26. Qf3 Bb7 27. Qf1 Ba6 28. Qf3
Bxc4 29. Rxc4 Rac8 30. Rxc8 Qxc8 31. Rc1 Qe6 32. Bf2 g6 33. g3 Rc8 34. Re1 Qd7
35. Bd3 Bc5 36. Bxc5 Rxc5 37. Bc4 Qd4+ 38. Qe3 Qxe3+ 39. Rxe3 Kf8 40. Kg2 Nd7
41. Kf3 Nb6 42. Bb5 Nd5 43. Re8+ Kg7 44. Bc4 Nb6 45. Bb5 Rc3+ 46. Ke4 Nc8 47.
Rd8 Ne7 0-1

[Event "FEDRO ITALY vs JOSE ZOMBIE "]
[Site "http://www.queenalice.com/game.php?id=1598802"]
[Date "2020.2.9"]
[Round "-"]
[White "JOSETEZOMBIE"]
[Black "fedro"]
[Result "1-0"]
[WhiteElo "2383"]
[BlackElo "2114"]

1. h4 e5 2. h5 d5 3. e3 c5 4. d4 Nc6 5. dxe5 Nxe5 6. Bb5+ Nc6 7. c4 Be6 8. Nf3
Nf6 9. cxd5 Nxd5 10. O-O Bd6 11. e4 Ne7 12. Be3 O-O 13. h6 g6 14. Qd2 Qc7 15.
Qc3 f6 16. Ng5 Nd8 17. Nxe6 Nxe6 18. Qb3 Qc8 19. Rd1 Rd8 20. Bc4 Kf7 21. e5 fxe5
22. Nc3 Nc6 23. Ne4 Ke7 24. Bxe6 Qxe6 25. Bg5+ 1-0

[Event "Challenge"]
[Site "http://www.queenalice.com/game.php?id=1602809"]
[Date "2020.3.17"]
[Round "-"]
[White "sabat"]
[Black "fedro"]
[Result "1/2-1/2"]
[WhiteElo "2302"]
[BlackElo "2161"]

1. d4 Nf6 2. c4 g6 3. Nc3 d5 4. cxd5 Nxd5 5. e4 Nxc3 6. bxc3 Bg7 7. Nf3 c5 8.
Rb1 O-O 9. Be2 cxd4 10. cxd4 Qa5+ 11. Qd2 Qxd2+ 12. Bxd2 b6 13. Rc1 Bb7 14. Bd3
Nc6 15. d5 Ne5 16. Nxe5 Bxe5 17. Ke2 Rfc8 18. h4 1/2-1/2

[Event "Challenge"]
[Site "http://www.queenalice.com/game.php?id=1602810"]
[Date "2020.3.17"]
[Round "-"]
[White "sabat"]
[Black "fedro"]
[Result "1/2-1/2"]
[WhiteElo "2307"]
[BlackElo "2156"]

1. d4 Nf6 2. c4 e5 3. Nc3 exd4 4. Qxd4 Nc6 5. Qd1 Bb4 6. Bd2 O-O 7. Nf3 Re8 8.
e3 d6 9. Nd5 Bxd2+ 10. Qxd2 Bg4 11. Be2 Ne4 12. Qc2 Nc5 13. b4 Bxf3 14. gxf3 Nd7
15. Rg1 a5 16. b5 Ne7 17. Qb2 Ng6 18. O-O-O 1/2-1/2

[Event "AUTO-MASTER-2919"]
[Site "http://www.queenalice.com/game.php?id=1620457"]
[Date "2020.7.15"]
[Round "2"]
[White "yamato"]
[Black "fedro"]
[Result "0-1"]
[WhiteElo "2249"]
[BlackElo "2152"]

1. d4 Nf6 2. c4 g6 3. Nc3 Bg7 4. e4 d6 5. h3 O-O 6. Nf3 Nc6 7. d5 Nb8 8. Bg5 h6
9. Be3 Nbd7 10. Bd3 e5 11. g4 Ne8 12. Qd2 Kh7 13. Qc2 a6 14. Rg1 Rh8 15. h4 c5
16. h5 g5 17. Nd2 Nc7 18. a4 Rf8 19. Nf1 Nf6 20. a5 Bxg4 21. Ng3 Bxh5 22. Be2
Bg6 23. Rh1 Kg8 24. Kf1 Qd7 25. f3 Rab8 26. Bd3 Nh7 27. Na4 Na8 28. Kg2 Nf6 29.
Nf5 Bxf5 30. exf5 b5 31. axb6 Nxb6 32. Nc3 Qb7 33. Ra2 Rfe8 34. Kg3 Nbd7 35. Qd1
e4 36. fxe4 Ne5 37. Be2 Qe7 38. Qc2 Nxc4 39. Bxc4 Nxe4+ 0-1

[Event "AUTO-MASTER-2919"]
[Site "http://www.queenalice.com/game.php?id=1620458"]
[Date "2020.7.15"]
[Round "2"]
[White "fedro"]
[Black "yamato"]
[Result "1-0"]
[WhiteElo "2167"]
[BlackElo "2234"]

1. d4 Nf6 2. Nf3 d6 3. c4 Nbd7 4. Nc3 e5 5. dxe5 dxe5 6. e4 c6 7. Bd3 Be7 8. O-O
Nc5 9. Qe2 Bg4 10. Rd1 Ne6 11. Be3 O-O 12. h3 Bxf3 13. Qxf3 Nd7 14. a3 a5 15.
Rd2 Ndc5 16. Bc2 Qc7 17. Rad1 Rfd8 18. Na2 Rxd2 19. Rxd2 Rd8 20. Qd1 Rxd2 21.
Qxd2 Qd6 22. Qxa5 h6 23. Qa8+ Bf8 24. b4 Nd3 25. Nc3 Ne1 26. Bb1 Nd3 27. Qxb7
Ndf4 28. c5 Nd8 29. cxd6 Nxb7 30. d7 Ne6 31. Na4 Be7 32. Nb6 Kf8 33. Bd3 Bd8 34.
Nc4 f6 35. a4 Ke7 36. a5 Nc7 37. Nb6 Nb5 38. Bxb5 1-0